Statistics for Top 15 Most Powerful American Passports

Click here to take the quiz!

General Stats

  • This quiz has been taken 27 times
    (11 since last reset)
  • The average score is 16 of 17

Answer Stats

RankingAccessCountry% Correct
4th170Brazil
100%
2nd184Canada
100%
3rd174Chile
100%
15th143Dominica
100%
14th144Grenada
100%
6th158Mexico
100%
1st185United States
100%
9th153Uruguay
100%
4th170Argentina
90%
5th161Barbados
90%
13th146St. Lucia
90%
10th151St. Vincent and
the Grenadines
90%
11th150Antigua and
Barbuda
80%
8th155Bahamas
80%
12th149Costa Rica
80%
7th157St. Kitts and
Nevis
80%
11th150Trinidad and
Tobago
80%

Score Distribution

Percentile by Number Answered

Percent of People with Each Score

Your Score History

You have not taken this quiz since the last reset